[Event "Titled Tuesday intern op 16th June"]
[Site "Chess.com INT"]
[Date "2020.06.16"]
[Round "3"]
[White "Novikov, Stanislav"]
[Black "Melkumyan, Hrant"]
[Result "0-1"]
[WhiteElo "2527"]
[BlackElo "2663"]
[PlyCount "112"]
[EventDate "2020.06.16"]
[EventType "swiss (blitz)"]
[EventRounds "10"]
[EventCountry "USA"]
[SourceTitle "EXT 2021"]
[Source "ChessBase"]
[SourceDate "2020.10.23"]
[SourceVersion "1"]
[SourceVersionDate "2020.10.23"]
[SourceQuality "1"]

1. e4 c6 2. c4 d5 3. exd5 cxd5 4. cxd5 Nf6 5. Nc3 g6 6. Bc4 Bg7 7. Nf3 0-0 8. 0-0 Nbd7 9. d3 a6 10. a4 b6 11. Re1 Bb7 12. Bg5 Rc8 13. h3 Nc5 14. b4 Ncd7 15. Qb3 h6 16. Bh4 g5 17. Bg3 Nh5 18. Bh2 Bxc3 19. Qxc3 b5 20. axb5 axb5 21. Qd4 bxc4 22. dxc4 Ndf6 23. Ra7 Bxd5 24. cxd5 Nxd5 25. Ne5 Nhf6 26. b5 Qe8 27. Nc6 Rxc6 28. bxc6 Qxc6 29. Be5 Rc8 30. Bxf6 exf6 31. Qe4 Kg7 32. Qd4 Nf4 33. Qe4 Qxe4 34. Rxe4 Rc1+ 35. Kh2 Rc2 36. Kg1 Rc1+ 37. Kh2 Rc2 38. Kg1 f5 39. Ree7 Rc1+ 40. Kh2 Rc2 41. Rxf7+ Kg6 42. Kg1 Rc1+ 43. Kh2 Rc2 44. Rg7+ Kh5 45. Kg1 Rc1+ 46. Kh2 Rc2 47. Kg1 Rc1+ 48. Kh2 Nd3 49. f3 Nf4 50. Ra6 Rc2 51. Kh1 Rc1+ 52. Kh2 Rc2 53. Kh1 Rxg2 54. Rh7 Kh4 55. Rhxh6+ Kg3 56. Rag6 Nxg6 0-1

[Event "Titled Tuesday intern op 16th June"]
[Site "Chess.com INT"]
[Date "2020.06.16"]
[Round "1"]
[White "Novikov, Stanislav"]
[Black "Tymrakiewicz, Rafal"]
[Result "1-0"]
[WhiteElo "2527"]
[BlackElo "2253"]
[PlyCount "135"]
[EventDate "2020.06.16"]
[EventType "swiss (blitz)"]
[EventRounds "10"]
[EventCountry "USA"]
[SourceTitle "EXT 2021"]
[Source "ChessBase"]
[SourceDate "2020.10.23"]
[SourceVersion "1"]
[SourceVersionDate "2020.10.23"]
[SourceQuality "1"]

1. e4 c6 2. d4 d5 3. Nc3 dxe4 4. Nxe4 Nf6 5. Nxf6+ gxf6 6. c3 Qd5 7. Nf3 Rg8 8. g3 Bg4 9. Bg2 Qe4+ 10. Be3 Bh6 11. Qe2 Bxe3 12. Qxe3 Qxe3+ 13. fxe3 Nd7 14. a4 e6 15. a5 a6 16. Nd2 Ke7 17. Kf2 f5 18. b4 Nf6 19. c4 Bh5 20. h3 Rg7 21. Rhg1 Rag8 22. Bh1 Ne4+ 23. Nxe4 fxe4 24. Bg2 Rxg3 25. Bxe4 Rxg1 26. Rxg1 Rxg1 27. Kxg1 Bg6 28. Bf3 Bd3 29. c5 f5 30. Kf2 Bc2 31. Kg3 Bd3 32. Kf4 Kf6 33. Bg2 Bc4 34. e4 fxe4 35. Bxe4 h6 36. Bf3 Bd5 37. Bh5 Ke7 38. Ke5 Bc4 39. Bf3 Bd3 40. h4 Bc4 41. Bg4 Bd5 42. Bh3 Bc4 43. Bg2 Bd3 44. Bf3 Bc4 45. Kf4 Kf6 46. Bh5 Ke7 47. Bg6 Be2 48. Be4 Bd1 49. b5 axb5 50. Bxc6 b4 51. Be4 Be2 52. Bxb7 b3 53. Ke3 b2 54. Be4 Bc4 55. Bb1 Bb3 56. a6 Kd7 57. a7 Bd5 58. Kd2 Kc7 59. Kc3 Kb7 60. Kxb2 Kxa7 61. Ba2 Kb7 62. Bxd5+ exd5 63. Kb3 h5 64. Kb4 Ka6 65. Ka4 Ka7 66. Kb5 Kb7 67. c6+ Kc7 68. Kc5 1-0

[Event "Graz op-A"]
[Site "Graz"]
[Date "2020.02.21"]
[Round "9"]
[White "Novikov, Stanislav"]
[Black "Megalios, Konstantinos"]
[Result "1-0"]
[WhiteElo "2531"]
[BlackElo "2390"]
[PlyCount "105"]
[EventDate "2020.02.14"]
[EventType "swiss"]
[EventRounds "9"]
[EventCountry "AUT"]
[SourceTitle "CBM 195 Extra"]
[Source "ChessBase"]
[SourceDate "2020.05.31"]
[SourceVersion "1"]
[SourceVersionDate "2020.05.31"]
[SourceQuality "1"]

1. e4 e5 2. Nf3 Nc6 3. Bb5 g6 4. c3 a6 5. Ba4 Bg7 6. d4 exd4 7. cxd4 b5 8. Bb3 Nge7 9. 0-0 0-0 10. d5 Na5 11. Bd2 c5 12. Bc3 Bxc3 13. Nxc3 d6 14. h3 f6 15. Qd2 Ra7 16. h4 Kg7 17. Ne2 h6 18. Nf4 Nxb3 19. axb3 g5 20. Ne6+ Bxe6 21. dxe6 Nc8 22. b4 Qe7 23. bxc5 dxc5 24. hxg5 fxg5 25. Qd5 Rf6 26. b4 Rxe6 27. bxc5 Rd7 28. Qa8 g4 29. Nh4 Qxh4 30. Qxc8 Qd8 31. Qxd8 Rxd8 32. f3 Rd4 33. Kf2 Rd2+ 34. Ke3 Rxg2 35. Rac1 Rc6 36. fxg4 Rxg4 37. Kd4 h5 38. Kd5 Rgg6 39. Rg1 Rc8 40. Rxg6+ Kxg6 41. c6 b4 42. c7 a5 43. Kd6 b3 44. Kd7 Ra8 45. e5 a4 46. e6 b2 47. Rg1+ Kf6 48. e7 a3 49. Rf1+ Kg5 50. c8Q Rxc8 51. Kxc8 a2 52. e8Q b1Q 53. Qe5+ 1-0

[Event "Graz op-A"]
[Site "Graz"]
[Date "2020.02.19"]
[Round "7"]
[White "Novikov, Stanislav"]
[Black "Ninov, Dayan"]
[Result "1-0"]
[WhiteElo "2531"]
[BlackElo "2242"]
[PlyCount "97"]
[EventDate "2020.02.14"]
[EventType "swiss"]
[EventRounds "9"]
[EventCountry "AUT"]
[SourceTitle "CBM 195 Extra"]
[Source "ChessBase"]
[SourceDate "2020.05.31"]
[SourceVersion "1"]
[SourceVersionDate "2020.05.31"]
[SourceQuality "1"]

1. c4 c6 2. e4 d5 3. cxd5 cxd5 4. exd5 Nf6 5. Nc3 Nxd5 6. d4 e6 7. Nf3 Be7 8. Bd3 Nxc3 9. bxc3 Qc7 10. 0-0 Nd7 11. d5 e5 12. Bg5 f6 13. Be3 Nc5 14. Bc2 0-0 15. Nd2 b5 16. c4 Bd7 17. Qb1 f5 18. cxb5 Qb7 19. d6 Bxd6 20. Nc4 Be7 21. Nxe5 Bxb5 22. Bxc5 Bxc5 23. Qb3+ Kh8 24. Rab1 Rab8 25. a4 Qc7 26. Ng6+ hxg6 27. Qh3+ Kg8 28. Bb3+ Rf7 29. Bxf7+ Qxf7 30. axb5 Qc4 31. Qg3 Rb6 32. Rfd1 Qe2 33. Re1 Qc4 34. h4 Kh7 35. Rec1 Qd4 36. Rd1 Qc4 37. Rdc1 Qd4 38. Qf3 Qe5 39. Re1 Qf6 40. h5 g5 41. Qd5 Be7 42. Qd7 Bc5 43. Rbd1 g4 44. Rd5 g3 45. Rxc5 gxf2+ 46. Kxf2 Qh4+ 47. g3 Qh2+ 48. Kf3 Rf6 49. Rc7 1-0

[Event "Wch Blitz"]
[Site "Moscow"]
[Date "2019.12.30"]
[Round "14"]
[White "Belousov, Danila"]
[Black "Novikov, Stanislav"]
[Result "0-1"]
[WhiteElo "2274"]
[BlackElo "2531"]
[PlyCount "93"]
[EventDate "2019.12.29"]
[EventType "swiss (blitz)"]
[EventRounds "21"]
[EventCountry "RUS"]
[SourceTitle "CBM 193 Extra"]
[Source "ChessBase"]
[SourceDate "2020.01.31"]
[SourceVersion "1"]
[SourceVersionDate "2020.01.31"]
[SourceQuality "1"]

1. e4 g6 2. h4 h6 3. d4 Bg7 4. Nc3 c6 5. Be3 b5 6. a3 d6 7. Qd2 Qc7 8. f4 Nf6 9. Nf3 Nbd7 10. e5 Ng4 11. h5 Nxe3 12. Qxe3 g5 13. 0-0-0 gxf4 14. Qxf4 dxe5 15. Qg3 Kf8 16. Kb1 a5 17. Rh4 b4 18. Na4 bxa3 19. b3 Rb8 20. Ka2 Rb4 21. dxe5 Rxh4 22. Qxh4 Bxe5 23. Bc4 Bf6 24. Qe4 Bb7 25. Nd4 c5 26. Ne6+ fxe6 27. Qxe6 Ne5 28. Nxc5 Nxc4 29. Nd7+ Kg7 30. Qg4+ Bg5 31. Qd4+ e5 32. Qg4 Rd8 33. Qe6 Qc6 34. Qf5 Nb6 35. Nc5 Rxd1 36. Ne6+ Qxe6 37. Qxe6 Nd5 38. Qd7+ Kf6 39. Qxb7 Nb4+ 40. Kxa3 Nxc2+ 41. Kb2 Nd4 42. g4 Rd2+ 43. Kb1 Ke6 44. Qe4 Kd6 45. Qb7 Kc5 46. Qe4 Kb4 47. Qd5 0-1

[Event "Wch Blitz"]
[Site "Moscow"]
[Date "2019.12.30"]
[Round "21"]
[White "Kovalev, Vladislav"]
[Black "Novikov, Stanislav"]
[Result "0-1"]
[WhiteElo "2662"]
[BlackElo "2531"]
[PlyCount "105"]
[EventDate "2019.12.29"]
[EventType "swiss (blitz)"]
[EventRounds "21"]
[EventCountry "RUS"]
[SourceTitle "CBM 193 Extra"]
[Source "ChessBase"]
[SourceDate "2020.01.31"]
[SourceVersion "1"]
[SourceVersionDate "2020.01.31"]
[SourceQuality "1"]

1. d4 d5 2. Bf4 e6 3. e3 Bd6 4. Bg3 Nf6 5. Nd2 0-0 6. Ngf3 c5 7. c3 b6 8. Ne5 Bb7 9. Bd3 Nc6 10. f4 Ne7 11. Qb1 g6 12. Bf2 cxd4 13. exd4 Nf5 14. 0-0 Be7 15. Qc2 Nd6 16. Bh4 Nfe4 17. Bxe7 Qxe7 18. Rae1 Rac8 19. Qd1 f6 20. Ng4 Kg7 21. Qe2 Qd7 22. Nf2 Nxd2 23. Qxd2 f5 24. Qe3 Ne4 25. Be2 Qa4 26. a3 Ba6 27. Bxa6 Qxa6 28. Nd3 Qb5 29. Re2 a5 30. Ne5 Rc7 31. Kh1 Qa6 32. Rg1 b5 33. g4 b4 34. gxf5 exf5 35. axb4 axb4 36. cxb4 Rb8 37. Reg2 Rxb4 38. Qh3 Rb6 39. Qxf5 Rf6 40. Qh5 Qb6 41. f5 Qxd4 42. Nxg6 Nf2+ 43. Rxf2 Qxf2 44. Nf4+ Kf8 45. Ne6+ Rxe6 46. fxe6 Rg7 47. e7+ Rxe7 48. Qh6+ Ke8 49. Qc6+ Kf8 50. Qh6+ Ke8 51. Qh5+ Qf7 52. Qh3 Qe6 53. Qd3 0-1

[Event "Wch Blitz"]
[Site "Moscow"]
[Date "2019.12.29"]
[Round "3"]
[White "Ivanisevic, Ivan"]
[Black "Novikov, Stanislav"]
[Result "1/2-1/2"]
[WhiteElo "2593"]
[BlackElo "2531"]
[PlyCount "155"]
[EventDate "2019.12.29"]
[EventType "swiss (blitz)"]
[EventRounds "21"]
[EventCountry "RUS"]
[SourceTitle "CBM 193 Extra"]
[Source "ChessBase"]
[SourceDate "2020.01.31"]
[SourceVersion "1"]
[SourceVersionDate "2020.01.31"]
[SourceQuality "1"]

1. d4 Nf6 2. c4 e6 3. Nc3 d5 4. cxd5 exd5 5. Bg5 c6 6. Qc2 Nbd7 7. e3 Bd6 8. Bd3 Nf8 9. Bh4 Ng6 10. Bg3 0-0 11. Nf3 Re8 12. 0-0 Bg4 13. Nd2 Bxg3 14. hxg3 Qd6 15. Rfe1 Nf8 16. Nf1 Bd7 17. Rad1 g6 18. f3 Ne6 19. g4 Kg7 20. Qf2 h5 21. gxh5 Nxh5 22. Bc2 Rh8 23. e4 Nhf4 24. e5 Qe7 25. Qg3 Rh5 26. Ne3 Rah8 27. Nf5+ Rxf5 28. Bxf5 Rh4 29. Bxe6 Bxe6 30. Ne2 Nh5 31. Qf2 Qg5 32. Rd3 Bf5 33. Rb3 b6 34. Rc3 Bd7 35. Rf1 Kg8 36. Qe3 Qd8 37. f4 Ng7 38. Qf2 Nf5 39. Rh3 Rxh3 40. gxh3 Qe7 41. Kh2 c5 42. Rg1 c4 43. Ng3 b5 44. Nh5 Kf8 45. Nf6 Be6 46. a3 a5 47. Qd2 b4 48. axb4 Qxb4 49. Qc3 Qa4 50. Rc1 Ke7 51. Kg2 Kf8 52. Kh2 Ke7 53. Kg2 Kf8 54. Nh7+ Ke7 55. Ng5 Bd7 56. Re1 Be6 57. Kf2 Kd7 58. Rh1 Kc6 59. Rg1 Kd7 60. Rh1 Ke7 61. h4 Qb5 62. Qa3+ Kd7 63. h5 gxh5 64. Rxh5 Qb6 65. Nf3 Nxd4 66. Nxd4 Qxd4+ 67. Kg2 Qe4+ 68. Kg3 Qe1+ 69. Kg2 Qe2+ 70. Kg3 Qxh5 71. Qd6+ Kc8 72. Qc6+ Kd8 73. Qb6+ Ke7 74. Qd6+ Ke8 75. Qb8+ Kd7 76. Qd6+ Kc8 77. Qc6+ Kb8 78. Qb6+ 1/2-1/2

[Event "Wch Blitz"]
[Site "Moscow"]
[Date "2019.12.29"]
[Round "6"]
[White "Novikov, Stanislav"]
[Black "Shimanov, Aleksandr"]
[Result "1/2-1/2"]
[WhiteElo "2531"]
[BlackElo "2587"]
[PlyCount "149"]
[EventDate "2019.12.29"]
[EventType "swiss (blitz)"]
[EventRounds "21"]
[EventCountry "RUS"]
[SourceTitle "CBM 193 Extra"]
[Source "ChessBase"]
[SourceDate "2020.01.31"]
[SourceVersion "1"]
[SourceVersionDate "2020.01.31"]
[SourceQuality "1"]

1. e4 c6 2. d4 d5 3. Nc3 dxe4 4. Nxe4 Nf6 5. Nxf6+ exf6 6. c3 Bd6 7. Bd3 0-0 8. Ne2 Re8 9. Qc2 h5 10. 0-0 h4 11. h3 Nd7 12. c4 Nf8 13. Be3 Bc7 14. Qc1 Ng6 15. Nf4 Bxf4 16. Bxf4 Qxd4 17. Bxg6 fxg6 18. Rd1 Qc5 19. Qc3 Be6 20. b3 g5 21. Be3 Qf5 22. Qd3 Qa5 23. Qd2 Qc7 24. Qd6 Qf7 25. Rd2 Qg6 26. Kh2 g4 27. hxg4 Bxg4 28. Rd4 Kf7 29. Qf4 Be6 30. Rad1 Rac8 31. R1d2 Rh8 32. Rd6 Rce8 33. Bxa7 Rh5 34. Be3 Rg5 35. Qf3 Rf5 36. Qe4 Re5 37. Qxg6+ Kxg6 38. a4 Kf5 39. Ra2 g5 40. Rd4 Re4 41. Rxe4 Kxe4 42. Rd2 g4 43. Rd4+ Ke5 44. g3 h3 45. Rd2 Ke4 46. Rd4+ Ke5 47. Rd2 Ra8 48. Rd1 Bf5 49. Rd2 Be4 50. Bf4+ Kf5 51. Be3 b5 52. cxb5 cxb5 53. Rd1 bxa4 54. bxa4 Rxa4 55. Rc1 Ra2 56. Rd1 Bf3 57. Re1 Rc2 58. Bb6 Be2 59. Be3 Ke4 60. Rc1 Ra2 61. Rb1 Kf3 62. Rb4 Bd3 63. Rf4+ Ke2 64. Rxg4 Ra1 65. Rf4 f5 66. Kxh3 Rh1+ 67. Kg2 Rh7 68. Rh4 Be4+ 69. Kh3 Rd7 70. Rh6 Kf3 71. Kh4 Rg7 72. Rh8 Rg4+ 73. Kh5 Kg2 74. Kh6 Kf3 75. Rd8 1/2-1/2

[Event "Wch Rapid"]
[Site "Moscow"]
[Date "2019.12.28"]
[Round "14"]
[White "Novikov, Stanislav"]
[Black "Yagupov, Igor"]
[Result "0-1"]
[WhiteElo "2531"]
[BlackElo "2357"]
[PlyCount "110"]
[EventDate "2019.12.26"]
[EventType "swiss (rapid)"]
[EventRounds "15"]
[EventCountry "RUS"]
[SourceTitle "CBM 193 Extra"]
[Source "ChessBase"]
[SourceDate "2020.01.31"]
[SourceVersion "1"]
[SourceVersionDate "2020.01.31"]
[SourceQuality "1"]

1. g3 d5 2. Bg2 c6 3. d3 e5 4. Nd2 Nf6 5. c3 Bd6 6. Qc2 0-0 7. Ngf3 Re8 8. e4 Bg4 9. 0-0 Nbd7 10. b3 Bf8 11. Re1 dxe4 12. dxe4 Nc5 13. Bf1 a5 14. Bb2 Qc7 15. h3 Bh5 16. Kg2 Nfd7 17. a3 b5 18. Rac1 Qb7 19. Nh4 f6 20. Nf5 Rac8 21. Ne3 Nb6 22. b4 Nca4 23. Nb3 axb4 24. cxb4 Nxb2 25. Qxb2 Na4 26. Qb1 Bf7 27. Red1 Qb6 28. Na5 c5 29. Nd5 Qa6 30. Rd2 c4 31. Qc2 Nb6 32. Nc3 Na8 33. Rcd1 Nc7 34. Be2 h5 35. Rd7 g6 36. R1d2 Ne6 37. Qd1 Nd4 38. R2xd4 exd4 39. Qxd4 Bg7 40. Rd6 Qa8 41. Bf3 f5 42. e5 Bxe5 43. Bxa8 Bxd4 44. Rxd4 Rxa8 45. Nxb5 Red8 46. Nc6 Rxd4 47. Ncxd4 Be8 48. Kf3 Bxb5 49. Nxb5 Rd8 50. Ke2 Rd3 51. h4 Kg7 52. a4 Rb3 53. Kd2 Rxb4 54. Nc3 Rb3 55. a5 Ra3 0-1

[Event "Wch Rapid"]
[Site "Moscow"]
[Date "2019.12.28"]
[Round "15"]
[White "Tsvetkov, Andrey1111"]
[Black "Novikov, Stanislav"]
[Result "1-0"]
[WhiteElo "2350"]
[BlackElo "2531"]
[PlyCount "65"]
[EventDate "2019.12.26"]
[EventType "swiss (rapid)"]
[EventRounds "15"]
[EventCountry "RUS"]
[SourceTitle "CBM 193 Extra"]
[Source "ChessBase"]
[SourceDate "2020.01.31"]
[SourceVersion "1"]
[SourceVersionDate "2020.01.31"]
[SourceQuality "1"]

1. d4 Nf6 2. c4 g6 3. Nc3 Bg7 4. e4 d6 5. Be2 0-0 6. Be3 Na6 7. Nf3 e5 8. d5 Ng4 9. Bg5 f6 10. Bh4 Nh6 11. Nd2 g5 12. Bg3 f5 13. f3 g4 14. a3 gxf3 15. gxf3 Nc5 16. b4 Nd7 17. Qc2 a5 18. 0-0-0 axb4 19. axb4 Kh8 20. Rhg1 c5 21. dxc6 bxc6 22. Nb3 Qb6 23. b5 Nc5 24. Bh4 Nxb3+ 25. Qxb3 Be6 26. Rxg7 Kxg7 27. Rxd6 Qe3+ 28. Kb1 cxb5 29. Rxe6 Ra1+ 30. Kxa1 Qc1+ 31. Qb1 Ra8+ 32. Na2 Qc3+ 33. Qb2 1-0

[Event "Wch Rapid"]
[Site "Moscow"]
[Date "2019.12.28"]
[Round "13"]
[White "Vastrukhin, Oleg"]
[Black "Novikov, Stanislav"]
[Result "0-1"]
[WhiteElo "2428"]
[BlackElo "2531"]
[PlyCount "122"]
[EventDate "2019.12.26"]
[EventType "swiss (rapid)"]
[EventRounds "15"]
[EventCountry "RUS"]
[SourceTitle "CBM 193 Extra"]
[Source "ChessBase"]
[SourceDate "2020.01.31"]
[SourceVersion "1"]
[SourceVersionDate "2020.01.31"]
[SourceQuality "1"]

1. e4 c5 2. Nc3 e6 3. Nge2 a6 4. g3 Qc7 5. Bg2 Nf6 6. 0-0 Be7 7. d3 Nc6 8. h3 d6 9. g4 b5 10. Ng3 Bb7 11. f4 Nd7 12. a4 b4 13. Nce2 h6 14. Be3 g6 15. c3 h5 16. Rc1 hxg4 17. hxg4 bxc3 18. bxc3 Nf6 19. Bf3 Rh4 20. g5 Ng4 21. Bxg4 Rxg4 22. Kg2 Rh4 23. Ng1 Rh8 24. Nf3 Na5 25. c4 Nc6 26. Rb1 Nb4 27. d4 a5 28. d5 0-0-0 29. Rh1 Ba6 30. Nd2 Qd7 31. Qg4 exd5 32. Qxd7+ Kxd7 33. exd5 Rxh1 34. Rxh1 Nc2 35. Kf3 Na3 36. Rh7 Rf8 37. Nge4 Nxc4 38. Nf6+ Bxf6 39. gxf6 Bb7 40. Nxc4 Bxd5+ 41. Kg4 Bxc4 42. Bd2 Ke6 43. Kg5 Rb8 44. Bxa5 Ra8 45. Bb6 Rxa4 46. Rh8 Kd7 47. Kh6 Be6 48. Kg7 Rxf4 49. Rd8+ Kc6 50. Ba7 Rf5 51. Bb8 d5 52. Rd6+ Kb5 53. Rxe6 fxe6 54. f7 d4 55. Be5 Rxf7+ 56. Kxf7 d3 57. Bf4 e5 58. Bd2 e4 59. Kxg6 c4 60. Kf5 e3 61. Bxe3 c3 0-1

[Event "Wch Rapid"]
[Site "Moscow"]
[Date "2019.12.27"]
[Round "6"]
[White "Novikov, Stanislav"]
[Black "Ismagambetov, Anuar"]
[Result "0-1"]
[WhiteElo "2531"]
[BlackElo "2528"]
[PlyCount "122"]
[EventDate "2019.12.26"]
[EventType "swiss (rapid)"]
[EventRounds "15"]
[EventCountry "RUS"]
[SourceTitle "CBM 193 Extra"]
[Source "ChessBase"]
[SourceDate "2020.01.31"]
[SourceVersion "1"]
[SourceVersionDate "2020.01.31"]
[SourceQuality "1"]

1. g3 g6 2. Bg2 Bg7 3. Nf3 Nf6 4. 0-0 0-0 5. c4 d6 6. Nc3 e5 7. d3 Nc6 8. Rb1 h6 9. b4 Be6 10. b5 Ne7 11. a4 Qd7 12. Ba3 b6 13. Ne1 Rae8 14. Ra1 Bh3 15. e4 Bxg2 16. Kxg2 Nh7 17. Bc1 f5 18. f3 f4 19. g4 h5 20. h3 Bf6 21. Rh1 Kg7 22. Kf1 Rh8 23. gxh5 Ng5 24. h4 Rxh5 25. Ra2 Reh8 26. Rah2 Ne6 27. Ng2 Kf7 28. Nd5 Nxd5 29. cxd5 Nf8 30. Kg1 Qd8 31. Qe1 Nd7 32. Ba3 R8h7 33. Bb4 Be7 34. Qf2 Nc5 35. Bxc5 dxc5 36. Qe1 Qd6 37. Qc1 Rh8 38. Qc3 Ke8 39. Qc1 Kd8 40. Qc3 Bf6 41. Qc1 Qe7 42. Qe1 Kc8 43. Qf2 Kb7 44. Qe1 c4 45. d4 Qa3 46. Qe2 Qa1+ 47. Ne1 Qxd4+ 48. Kf1 Be7 49. Nc2 Qc3 50. Ne1 Bb4 51. Nc2 Bc5 52. Ne1 Qb3 53. Qc2 Qb4 54. Ke2 g5 55. Ng2 c3 56. Kd1 Qd4+ 57. Kc1 gxh4 58. Rxh4 Rxh4 59. Rxh4 Rxh4 60. Nxh4 Qe3+ 61. Kb1 Qe1+ 0-1

[Event "Titled Tuesday intern op 5th March"]
[Site "Chess.com INT"]
[Date "2019.03.05"]
[Round "2"]
[White "Novikov, Stanislav"]
[Black "Mihajlov, Sebastian"]
[Result "1-0"]
[WhiteElo "2535"]
[BlackElo "2356"]
[PlyCount "29"]
[EventDate "2019.03.05"]
[EventType "swiss (blitz)"]
[EventRounds "10"]
[EventCountry "USA"]
[SourceTitle "EXT 2021"]
[Source "ChessBase"]
[SourceDate "2020.10.23"]
[SourceVersion "1"]
[SourceVersionDate "2020.10.23"]
[SourceQuality "1"]

1. e4 e6 2. Qe2 d5 3. d3 Nf6 4. Nf3 c5 5. g3 b6 6. Nbd2 Nc6 7. Bg2 Be7 8. 0-0 0-0 9. e5 Nd7 10. h4 Ba6 11. Re1 Qc7 12. Nf1 Rae8 13. Bf4 Qc8 14. N1h2 Bf6 15. exf6 1-0

[Event "Titled Tuesday intern op 2nd Febr"]
[Site "Chess.com INT"]
[Date "2019.02.05"]
[Round "8"]
[White "Gelman, Alexander"]
[Black "Novikov, Stanislav"]
[Result "0-1"]
[WhiteElo "2410"]
[BlackElo "2535"]
[PlyCount "74"]
[EventDate "2019.02.05"]
[EventType "swiss (blitz)"]
[EventRounds "10"]
[EventCountry "USA"]
[SourceTitle "EXT 2021"]
[Source "ChessBase"]
[SourceDate "2020.10.23"]
[SourceVersion "1"]
[SourceVersionDate "2020.10.23"]
[SourceQuality "1"]

1. f4 g6 2. Nf3 Bg7 3. g3 Nf6 4. Bg2 0-0 5. 0-0 d6 6. d3 c5 7. Nc3 Nc6 8. h3 Rb8 9. a4 a6 10. Nh4 Bd7 11. f5 b5 12. axb5 axb5 13. Bg5 b4 14. Nd5 e6 15. fxe6 fxe6 16. Nxf6+ Bxf6 17. Rxf6 Rxf6 18. Qd2 Qf8 19. Bxf6 Qxf6 20. Rf1 Qxb2 21. Bxc6 Bxc6 22. Qf4 Qd4+ 23. Qxd4 cxd4 24. Nf3 Bxf3 25. Rxf3 Rf8 26. Kf2 e5 27. g4 d5 28. Rxf8+ Kxf8 29. Kf3 Ke7 30. g5 Kd6 31. h4 Kc5 32. Kg4 Kb5 33. Kf3 Ka4 34. Kf2 Ka3 35. Ke1 Kb2 36. Kd2 e4 37. Kd1 e3 0-1

[Event "Titled Tuesday intern op 2nd Febr"]
[Site "Chess.com INT"]
[Date "2019.02.05"]
[Round "7"]
[White "Mousavian, Hamed"]
[Black "Novikov, Stanislav"]
[Result "0-1"]
[WhiteElo "2540"]
[BlackElo "2535"]
[PlyCount "58"]
[EventDate "2019.02.05"]
[EventType "swiss (blitz)"]
[EventRounds "10"]
[EventCountry "USA"]
[SourceTitle "EXT 2021"]
[Source "ChessBase"]
[SourceDate "2020.10.23"]
[SourceVersion "1"]
[SourceVersionDate "2020.10.23"]
[SourceQuality "1"]

1. e4 g6 2. d4 Bg7 3. Nc3 c6 4. Bc4 b5 5. Bb3 a5 6. a3 Ba6 7. Qf3 e6 8. e5 d5 9. exd6 Qxd6 10. Nge2 Nf6 11. Bf4 Qd8 12. Be5 0-0 13. h4 Nbd7 14. h5 b4 15. hxg6 hxg6 16. Ne4 Bxe2 17. Qxe2 Nxe5 18. dxe5 Nxe4 19. Qxe4 a4 20. Bc4 bxa3 21. Rxa3 Qa5+ 22. Kf1 Qxe5 23. Qh4 Rfd8 24. Rd3 Rxd3 25. cxd3 Qxb2 26. g3 a3 27. Kg2 a2 28. Bxe6 fxe6 29. Qe7 Qf6 0-1

[Event "Titled Tuesday intern op 2nd Febr"]
[Site "Chess.com INT"]
[Date "2019.02.05"]
[Round "1"]
[White "Novikov, Stanislav"]
[Black "Kozelov, Roman"]
[Result "1-0"]
[WhiteElo "2535"]
[BlackElo "2163"]
[PlyCount "29"]
[EventDate "2019.02.05"]
[EventType "swiss (blitz)"]
[EventRounds "10"]
[EventCountry "USA"]
[SourceTitle "EXT 2021"]
[Source "ChessBase"]
[SourceDate "2020.10.23"]
[SourceVersion "1"]
[SourceVersionDate "2020.10.23"]
[SourceQuality "1"]

1. g3 d5 2. Bg2 c6 3. d3 Bf5 4. Nd2 Qc8 5. e4 dxe4 6. dxe4 Be6 7. Ngf3 Bh3 8. 0-0 Bxg2 9. Kxg2 e6 10. e5 Ne7 11. Ne4 Nf5 12. g4 Nh6 13. Bxh6 gxh6 14. Nf6+ Ke7 15. Qd6# 1-0

[Event "Titled Tuesday intern op 2nd Febr"]
[Site "Chess.com INT"]
[Date "2019.02.05"]
[Round "6"]
[White "Novikov, Stanislav"]
[Black "Popov, Mikhail"]
[Result "1/2-1/2"]
[WhiteElo "2535"]
[BlackElo "2381"]
[PlyCount "86"]
[EventDate "2019.02.05"]
[EventType "swiss (blitz)"]
[EventRounds "10"]
[EventCountry "USA"]
[SourceTitle "EXT 2021"]
[Source "ChessBase"]
[SourceDate "2020.10.23"]
[SourceVersion "1"]
[SourceVersionDate "2020.10.23"]
[SourceQuality "1"]

1. e4 e6 2. Qe2 c5 3. Nf3 Nc6 4. g3 d6 5. Bg2 Nf6 6. 0-0 Be7 7. c3 e5 8. Na3 0-0 9. h3 Rb8 10. Rd1 b5 11. d4 Qb6 12. dxe5 dxe5 13. Bg5 h6 14. Bxf6 Bxf6 15. Nc2 Be6 16. Ne3 Ne7 17. Nh2 g6 18. h4 Rbd8 19. h5 Bg7 20. Nhg4 f5 21. Nh2 f4 22. Nd5 Nxd5 23. exd5 Bc8 24. Be4 c4 25. Kg2 Bf5 26. Nf3 Bg4 27. hxg6 Rf6 28. Rh1 Rdf8 29. Raf1 h5 30. Rh4 Qd6 31. Rhh1 a5 32. a3 Qc5 33. Rh4 Qd6 34. Rh2 Bh6 35. Rh3 Kg7 36. Rh4 Bg5 37. Rhh1 Bh6 38. Rh4 Qb6 39. Rhh1 Qd6 40. Rh4 Qb6 41. Rhh1 Qd6 42. Rh4 Qc5 43. Rhh1 Qd6 1/2-1/2

[Event "Staufer op 31st"]
[Site "Schwaebisch Gmuend"]
[Date "2019.01.04"]
[Round "5"]
[White "Novikov, Stanislav"]
[Black "Sumets, Andrey"]
[Result "1/2-1/2"]
[WhiteElo "2526"]
[BlackElo "2577"]
[PlyCount "51"]
[EventDate "2019.01.02"]
[EventType "swiss"]
[EventRounds "9"]
[EventCountry "GER"]
[SourceTitle "CBM 188 Extra"]
[Source "ChessBase"]
[SourceDate "2019.02.26"]
[SourceVersion "1"]
[SourceVersionDate "2019.02.26"]
[SourceQuality "1"]

1. e4 e6 2. d4 d5 3. Nc3 Nf6 4. Bg5 dxe4 5. Nxe4 Nbd7 6. Nf3 h6 7. Bxf6 Nxf6 8. Bd3 Nxe4 9. Bxe4 c5 10. dxc5 Qa5+ 11. c3 Qxc5 12. Qe2 Be7 13. 0-0 0-0 14. Rad1 Bf6 15. Rd2 a5 16. a4 Rb8 17. Qb5 b6 18. Nd4 Rd8 19. Rfd1 Bd7 20. Bc6 Bxc6 21. Nxc6 Rxd2 22. Rxd2 Qxb5 23. axb5 Ra8 24. c4 a4 25. g3 a3 26. bxa3 1/2-1/2

[Event "Wch Rapid"]
[Site "St Petersburg"]
[Date "2018.12.27"]
[Round "6"]
[White "Novikov, Stanislav"]
[Black "Bocharov, Dmitry"]
[Result "0-1"]
[WhiteElo "2540"]
[BlackElo "2533"]
[PlyCount "128"]
[EventDate "2018.12.26"]
[EventType "swiss (rapid)"]
[EventRounds "15"]
[EventCountry "RUS"]
[SourceTitle "CBM 187 Extra"]
[Source "ChessBase"]
[SourceDate "2018.11.04"]
[SourceVersion "1"]
[SourceVersionDate "2018.11.04"]
[SourceQuality "1"]

1. e4 c5 2. Nf3 d6 3. d4 cxd4 4. Nxd4 Nf6 5. Nc3 a6 6. Be2 e6 7. 0-0 Nbd7 8. f4 b5 9. Bf3 Bb7 10. a3 Qc7 11. Kh1 Be7 12. Qe2 0-0 13. g4 Nc5 14. g5 Nfd7 15. Bg2 Rfe8 16. Be3 Bf8 17. Rae1 Rac8 18. Qg4 g6 19. f5 Ne5 20. Qh3 Qd7 21. Bc1 Nc6 22. Nxc6 Bxc6 23. f6 a5 24. b4 axb4 25. axb4 Na4 26. Ne2 e5 27. Qh4 Bb7 28. Rf3 Rxc2 29. Rh3 h6 30. gxh6 Kh7 31. Ng1 Rec8 32. Be3 Nc3 33. Bf2 d5 34. Rd3 d4 35. Nh3 Qe8 36. Ng5+ Kh8 37. Bg3 Rc7 38. Nf3 Rc6 39. Nxe5 Re6 40. Rxd4 Ne2 41. Rd8 Nxg3+ 42. hxg3 Rxe5 43. Rxe8 Rxe8 44. Qg5 Bc6 45. Rc1 Rc4 46. Rxc4 bxc4 47. b5 Bd7 48. Qd5 Be6 49. Qd4 Rc8 50. Qc3 Rc5 51. b6 Rh5+ 52. Kg1 Bc5+ 53. Kf1 Bxb6 54. Bf3 Rb5 55. Qa3 Bc5 56. Qa4 Rb2 57. Bg4 Bxg4 58. Qe8+ Kh7 59. Qxf7+ Kxh6 60. Qg7+ Kg5 61. f7 Rf2+ 62. Ke1 Re2+ 63. Kf1 Rxe4 64. f8Q Bh3# 0-1